000 00607nam a2200241Ia 4500
003 OSt
005 20221005122509.0
006 a|||||r|||| 00| 0
007 ta
008 221004b |||||||| |||| 00| 0 eng d
024 _a43958
037 _cTextual
040 _aCRL
_cCRL
_beng
041 _2eng
_aeng
082 _aO15,3D60,1, 111K3
100 _aKunhan Raja C
245 0 _aKadambari
260 _c1963
490 _aBhavan's Book University; 110
650 _aSANSKRIT LITERATURE
942 _hO15,3D60,1, 111K3
_cTEXL
_2cc
999 _c1044477
_d1044477